000 00601nam a2200265Ia 4500
008 160525s9999||||xx |||||||||||||| ||und||
040 _cEnglish
082 _aXV.G/Barkar
082 _bBORI-52887
100 _aSir Ernest Barker
245 _aAge And Youth
300 _a7+347
300 _cB
300 _eHardbound
530 _bPatwardhan
530 _u00052887.pdf
563 _aStudy
600 _aSir Ernest Barker
630 _aAge And Youth
650 _aBiography
650 _aReference
700 _aSir Ernest Barker
730 _aAge And Youth
942 _cBOOK
999 _c1380213
_d1380210